000 00721cam a22002533a 4500
001 15238
003 PGUSA
005 20140828083327.0
008 050302s2005||||xxu|||||s|||||000 1 eng d
040 _aPGUSA
_beng
042 _adc
050 4 _aPR
100 1 _aShelley, Mary Wollstonecraft,
_d1797-1851
245 1 0 _aMathilda
_h[electronic resource] /
_cMary Wollstonecraft Shelley
260 _bProject Gutenberg,
_c2005
506 _aPublic domain in the USA.
516 _aElectronic text
653 _aIncest -- Fiction
653 _aFathers and daughters -- Fiction
653 _aGuilt -- Fiction
830 0 _aProject Gutenberg
_v15238
856 4 0 _uhttp://www.gutenberg.org/ebooks/15238
942 _cEB
999 _c244493
_d244493